Managing restructuring in the textile and garment subsector : examples from Asia /

Saved in:
Bibliographic Details
Other Authors: Meyanathan, Saha Dhevan, 1948-
Format: Book
Language:English
Published: Washington, D.C. : World Bank, c1994.
Series:EDI seminar series.
Subjects:
Tags: Add Tag
No Tags, Be the first to tag this record!
LEADER 01186pam a2200313 a 4500
001 005664530-9
005 20020606163548.3
008 931230s1994 dcua b i000 0 eng
010 |a  93050881  
020 |a 0821327682 
035 0 |a ocm29668680 
040 |a DLC  |c DLC  |d DLC 
043 |a a------ 
050 0 0 |a HD9866.A2  |b M36 1994 
082 0 0 |a 338.4/7677/0095  |2 20 
245 0 0 |a Managing restructuring in the textile and garment subsector :  |b examples from Asia /  |c edited by Saha Dhevan Meyanathan. 
260 |a Washington, D.C. :  |b World Bank,  |c c1994. 
300 |a v, 203 p. :  |b ill. ;  |c 28 cm. 
490 1 |a EDI seminar series,  |x 1013-2015 
504 |a Includes bibliographical references (p. 197-203). 
650 0 |a Textile industry  |z Asia  |x Case studies. 
650 0 |a Clothing trade  |z Asia  |x Case studies. 
650 0 |a Corporate reorganizations  |z Asia  |x Case studies. 
655 7 |a Case studies.  |2 fast 
700 1 |a Meyanathan, Saha Dhevan,  |d 1948- 
776 0 8 |i Online version:  |t Managing restructuring in the textile and garment subsector.  |d Washington, D.C. : World Bank, ©1994  |w (OCoLC)646938186 
830 0 |a EDI seminar series.  |x 1013-2015 
988 |a 20020608 
906 |0 DLC